[Event "Madrid-ch Superveteranos +65 2019"]
[Site "Madrid ESP"]
[Date "2019.01.24"]
[Round "4.17"]
[White "Perez Ramos, Miguel Angel"]
[Black "Perales Hernandez, Manuel"]
[Result "0-1"]
[WhiteElo "1131"]
[BlackElo "1333"]
[PlyCount "98"]
[EventDate "2019.01.21"]
[EventType "swiss"]
[EventRounds "7"]
[EventCountry "ESP"]
[SourceTitle "Ajedrez en Madrid"]
[Source "lmi"]
[SourceDate "2019.01.21"]
[SourceVersion "1"]
[SourceVersionDate "2019.01.30"]
[SourceQuality "1"]

1. e4 e5 2. Nf3 Nc6 3. Bc4 Bc5 4. d3 d6 5. Bd2 Nf6 6. h3 d5 7. exd5 Nxd5 8. Qe2
O-O 9. Bxd5 Qxd5 10. c4 Qd8 11. Nc3 Re8 12. O-O Bf5 13. Nd5 Nd4 14. Nxd4 exd4
15. Qf3 Bg6 16. Bf4 Rc8 17. Bg3 c6 18. Nf4 Qf6 19. a3 Bd6 20. b4 Bxf4 21. Bxf4
Bxd3 22. Rfc1 Be2 23. Qg3 Re4 24. Bg5 Qe6 25. f3 Re5 26. Bf4 Rf5 27. Ra2 Bxc4
28. Re1 Qxe1+ 29. Qxe1 Bxa2 30. Bd6 Be6 31. Qe4 Rd5 32. Bc5 d3 33. Qe1 d2 34.
Qd1 Bf5 35. Be3 Bc2 36. Qxd2 Rxd2 37. Bxd2 Rd8 38. Be3 b6 39. Kf2 Rd3 40. Ke2
Rxa3 41. Bd2 a5 42. bxa5 bxa5 43. g4 f6 44. h4 c5 45. Bc1 Ra2 46. Kd2 a4 47.
Kc3 Bd1 48. Bf4 Bxf3 49. Kc4 Rc2+ 0-1

[Event "Madrid-ch Superveteranos +65 2019"]
[Site "Madrid ESP"]
[Date "2019.01.25"]
[Round "5.1"]
[White "Guillen Marco, Jose Antonio"]
[Black "Gonzalez Rivera, Eduardo"]
[Result "0-1"]
[WhiteElo "1919"]
[BlackElo "2025"]
[PlyCount "52"]
[EventDate "2019.01.21"]
[EventType "swiss"]
[EventRounds "7"]
[EventCountry "ESP"]
[SourceTitle "Ajedrez en Madrid"]
[Source "lmi"]
[SourceDate "2019.01.21"]
[SourceVersion "1"]
[SourceVersionDate "2019.01.30"]
[SourceQuality "1"]

1. e4 e5 2. Nf3 Nc6 3. Bc4 Nf6 4. d3 Bc5 5. O-O d6 6. c3 Bb6 7. b4 h6 8. a4 a5
9. b5 Ne7 10. Qb3 O-O 11. Ba3 g5 12. Nbd2 Ng6 13. d4 g4 14. Nxe5 dxe5 15. Bxf8
Qxf8 16. d5 Nf4 17. g3 Nh3+ 18. Kg2 Ng5 19. f4 gxf3+ 20. Nxf3 Bh3+ 21. Kh1 Bxf1
22. Rxf1 Nxf3 23. Rxf3 Qc5 24. Kg2 Nxe4 25. d6 Qg1+ 26. Kh3 Nf2+ 0-1

[Event "Madrid-ch Superveteranos +65 2019"]
[Site "Madrid ESP"]
[Date "2019.01.25"]
[Round "5.2"]
[White "Ciuro Muñoz, Ricardo"]
[Black "Garcia Esteban, Ignacio"]
[Result "1-0"]
[WhiteElo "1994"]
[BlackElo "1807"]
[PlyCount "79"]
[EventDate "2019.01.21"]
[EventType "swiss"]
[EventRounds "7"]
[EventCountry "ESP"]
[SourceTitle "Ajedrez en Madrid"]
[Source "lmi"]
[SourceDate "2019.01.21"]
[SourceVersion "1"]
[SourceVersionDate "2019.01.30"]
[SourceQuality "1"]

1. e4 e5 2. Nf3 Nf6 3. Nxe5 d6 4. Nf3 Nxe4 5. d4 d5 6. Bd3 Be7 7. O-O O-O 8. c4
c6 9. Nc3 Nxc3 10. bxc3 dxc4 11. Bxc4 Bg4 12. h3 Bh5 13. g4 Bg6 14. Ne5 b5 15.
Bb3 Be4 16. Re1 Bd5 17. Bxd5 Qxd5 18. Qb3 Qxb3 19. axb3 Bd6 20. Ba3 Bxa3 21.
Rxa3 f6 22. Nd3 Nd7 23. Rea1 Nb6 24. Rxa7 Rae8 25. Rb7 Rb8 26. Rxb8 Rxb8 27.
Ra6 Kf7 28. Nb4 Nd5 29. Nxc6 Re8 30. c4 bxc4 31. bxc4 Nf4 32. Ra7+ Kf8 33. d5
Re2 34. d6 Rd2 35. c5 Nxh3+ 36. Kf1 Nf4 37. Ke1 Rd5 38. Ra8+ Kf7 39. Nd8+ Kg6
40. c6 1-0

[Event "Madrid-ch Superveteranos +65 2019"]
[Site "Madrid ESP"]
[Date "2019.01.25"]
[Round "5.3"]
[White "Rueda Maria, Ramiro"]
[Black "Fernandez Garcia, Ignacio"]
[Result "1-0"]
[WhiteElo "1819"]
[BlackElo "1769"]
[PlyCount "113"]
[EventDate "2019.01.21"]
[EventType "swiss"]
[EventRounds "7"]
[EventCountry "ESP"]
[SourceTitle "Ajedrez en Madrid"]
[Source "lmi"]
[SourceDate "2019.01.21"]
[SourceVersion "1"]
[SourceVersionDate "2019.01.30"]
[SourceQuality "1"]

1. c4 Nf6 2. Nc3 d6 3. Nf3 g6 4. b3 c6 5. Bb2 Bg7 6. Qc2 e5 7. e4 Na6 8. Rd1
O-O 9. Be2 Nh5 10. d4 Nf4 11. O-O Bg4 12. dxe5 Bxf3 13. Bxf3 Bxe5 14. Ne2 Nxe2+
15. Qxe2 Qe7 16. g3 Nc5 17. Bg2 Rfe8 18. Bxe5 dxe5 19. Bh3 Red8 20. f3 h5 21.
Qe3 b6 22. Qe2 h4 23. Rxd8+ Rxd8 24. Rd1 hxg3 25. hxg3 Rd4 26. Rxd4 exd4 27.
Qd2 Qe5 28. Kf2 f5 29. exf5 d3 30. fxg6 Kg7 31. Bf1 Qd4+ 32. Kg2 a5 33. a3 Nxb3
34. Qxd3 Qb2+ 35. Kh3 Nd4 36. Qe3 Nf5 37. Qf4 Qf6 38. Bd3 Nd6 39. Qxf6+ Kxf6
40. Kg4 b5 41. cxb5 cxb5 42. Kf4 b4 43. axb4 axb4 44. Bc2 b3 45. Bxb3 Kxg6 46.
Ke5 Ne8 47. f4 Nf6 48. Bc2+ Kg7 49. Bf5 Ne8 50. g4 Nf6 51. g5 Ne8 52. Bd3 Kf8
53. f5 Ng7 54. f6 Nh5 55. g6 Kg8 56. Bc4+ Kf8 57. Be2 1-0

[Event "Madrid-ch Superveteranos +65 2019"]
[Site "Madrid ESP"]
[Date "2019.01.25"]
[Round "5.5"]
[White "Pastor Alonso De Prado, Alberto"]
[Black "Barahona Torrijos, Angel"]
[Result "1/2-1/2"]
[WhiteElo "2147"]
[BlackElo "1735"]
[PlyCount "116"]
[EventDate "2019.01.21"]
[EventType "swiss"]
[EventRounds "7"]
[EventCountry "ESP"]
[SourceTitle "Ajedrez en Madrid"]
[Source "lmi"]
[SourceDate "2019.01.21"]
[SourceVersion "1"]
[SourceVersionDate "2019.01.30"]
[SourceQuality "1"]

1. e4 e5 2. Nf3 Nc6 3. c3 d5 4. Qa4 Bd7 5. exd5 Nd4 6. Qd1 Nxf3+ 7. Qxf3 f5 8.
Qe3 Bd6 9. d4 e4 10. f3 Qh4+ 11. Qf2 Qe7 12. Be2 O-O-O 13. fxe4 fxe4 14. O-O
Nh6 15. Bf4 Rdf8 16. Bxd6 cxd6 17. Qe1 Rxf1+ 18. Bxf1 Qg5 19. Na3 Qxd5 20. Bc4
Qf5 21. Qg3 Qg6 22. Qxg6 hxg6 23. Re1 Re8 24. Nc2 Ng4 25. Bf7 Rf8 26. Bxg6 d5
27. h3 Nf6 28. Ne3 Be6 29. Rf1 Kd7 30. g4 Rh8 31. Kg2 Nh7 32. Kg3 Ng5 33. h4
Nf3 34. h5 b5 35. a4 Rb8 36. axb5 Rxb5 37. Ra1 a5 38. c4 dxc4 39. d5 Bg8 40.
Bxe4 Nd2 41. Kf4 Kd6 42. Rd1 Nxe4 43. Kxe4 Bh7+ 44. Kd4 Bd3 45. Rd2 Rb3 46. g5
Rb4 47. Rh2 Rb8 48. h6 gxh6 49. gxh6 Rh8 50. Nxc4+ Bxc4 51. Kxc4 Rh7 52. Kd4 a4
53. Rh5 a3 54. bxa3 Ra7 55. h7 Rxh7 56. Rg5 Rh4+ 57. Kc3 Ra4 58. Kb3 Rd4
1/2-1/2

[Event "Madrid-ch Superveteranos +65 2019"]
[Site "Madrid ESP"]
[Date "2019.01.25"]
[Round "5.6"]
[White "Rodriguez Bachiller, Luis"]
[Black "Cruz Gonzalez, Antonio"]
[Result "1/2-1/2"]
[WhiteElo "1613"]
[BlackElo "1790"]
[PlyCount "131"]
[EventDate "2019.01.21"]
[EventType "swiss"]
[EventRounds "7"]
[EventCountry "ESP"]
[SourceTitle "Ajedrez en Madrid"]
[Source "lmi"]
[SourceDate "2019.01.21"]
[SourceVersion "1"]
[SourceVersionDate "2019.01.30"]
[SourceQuality "1"]

1. e4 b6 2. d4 Bb7 3. Nc3 e6 4. Nf3 Bb4 5. Bd3 Nf6 6. Qe2 d5 7. e5 Ne4 8. Bd2
Nxd2 9. Qxd2 Nc6 10. a3 Be7 11. Ne2 Qd7 12. c3 O-O-O 13. Qc2 g6 14. Qa4 Nxe5
15. Qxd7+ Nxd7 16. O-O Bf6 17. Rae1 Rhe8 18. Nf4 e5 19. Nxe5 Nxe5 20. dxe5 Bxe5
21. Ne2 c5 22. f4 Bg7 23. f5 Re3 24. Nf4 Rde8 25. Rd1 d4 26. fxg6 fxg6 27. c4
R8e5 28. g3 Bh6 29. Nh3 Be4 30. Nf2 Bxd3 31. Nxd3 Rh5 32. Rfe1 Rxe1+ 33. Rxe1
Be3+ 34. Kg2 Rf5 35. Re2 g5 36. h3 Kd7 37. g4 Rf6 38. Ne5+ Kd6 39. Nf3 a6 40.
a4 h6 41. h4 Rf4 42. hxg5 hxg5 43. Nh2 Re4 44. Kf3 Rf4+ 45. Kg3 Rf7 46. Nf3
Bf4+ 47. Kf2 Re7 48. Rxe7 Kxe7 49. Ke2 Kd6 50. Kd3 Kc6 51. b3 b5 52. Ne1 bxa4
53. bxa4 Kb6 54. Kc2 Ka5 55. Kb3 Bd2 56. Nd3 Kb6 57. Ne5 Kc7 58. Nd3 Kd6 59.
Kc2 Bf4 60. Kb3 Kc6 61. Kc2 Bd6 62. Kb3 Kb6 63. Kc2 Ka5 64. Kb3 Kb6 65. Kc2 Bg3
66. Kb3 1/2-1/2

[Event "Madrid-ch Superveteranos +65 2019"]
[Site "Madrid ESP"]
[Date "2019.01.25"]
[Round "5.7"]
[White "Corredor Gonzalez, Angel L."]
[Black "Perez Gonzalez, Jesus Miguel"]
[Result "1-0"]
[WhiteElo "1709"]
[BlackElo "1668"]
[PlyCount "85"]
[EventDate "2019.01.21"]
[EventType "swiss"]
[EventRounds "7"]
[EventCountry "ESP"]
[SourceTitle "Ajedrez en Madrid"]
[Source "lmi"]
[SourceDate "2019.01.21"]
[SourceVersion "1"]
[SourceVersionDate "2019.01.30"]
[SourceQuality "1"]

1. e4 g6 2. d4 Bg7 3. Nc3 d6 4. Bc4 Nf6 5. Bg5 O-O 6. Nge2 c6 7. O-O b5 8. Bb3
b4 9. Bxf6 Bxf6 10. Nb1 a5 11. a4 Nd7 12. f4 Qb6 13. Kh1 Ba6 14. e5 Bg7 15. e6
Nf6 16. exf7+ Kh8 17. Nd2 d5 18. f5 Rxf7 19. fxg6 hxg6 20. Nf3 Ng4 21. Qe1 Kg8
22. h3 Ne3 23. Rf2 Raf8 24. c3 Nf5 25. Bc2 Bxe2 26. Bxf5 Bxf3 27. Be6 Kh7 28.
Bxf7 Rxf7 29. Rxf3 Rxf3 30. gxf3 Qc7 31. Qh4+ Kg8 32. Qg4 Qd6 33. Re1 Kf7 34.
Kg2 Bh6 35. Re2 Bc1 36. h4 Kf6 37. h5 gxh5 38. Qxh5 Bf4 39. Qh8+ Kf7 40. Qh7+
Ke8 41. Qf5 Bc1 42. Re6 Qc7 43. Rg6 1-0

[Event "Madrid-ch Superveteranos +65 2019"]
[Site "Madrid ESP"]
[Date "2019.01.25"]
[Round "5.8"]
[White "Perez Cameselle, Francisco"]
[Black "Salgado Duarte, Pablo"]
[Result "1/2-1/2"]
[WhiteElo "1767"]
[BlackElo "1480"]
[PlyCount "101"]
[EventDate "2019.01.21"]
[EventType "swiss"]
[EventRounds "7"]
[EventCountry "ESP"]
[SourceTitle "Ajedrez en Madrid"]
[Source "lmi"]
[SourceDate "2019.01.21"]
[SourceVersion "1"]
[SourceVersionDate "2019.01.30"]
[SourceQuality "1"]

1. Nf3 d5 2. g3 Nf6 3. Bg2 Nc6 4. d4 h6 5. c4 e6 6. O-O Bd7 7. b3 Be7 8. Nc3 a6
9. Qc2 O-O 10. e4 dxe4 11. Nxe4 Nb4 12. Qb1 Bc6 13. Ned2 a5 14. a3 Na6 15. Bb2
Nh7 16. Bc3 b6 17. b4 axb4 18. axb4 Nb8 19. Qc2 Nd7 20. Rxa8 Qxa8 21. Ra1 Qc8
22. b5 Bb7 23. Qb3 Ng5 24. Bb4 Bxb4 25. Qxb4 Nxf3+ 26. Bxf3 Bxf3 27. Nxf3 Qb7
28. Nd2 Ra8 29. Ra4 Nf6 30. Qa3 Rxa4 31. Qxa4 Ne4 32. Qa6 Nd6 33. Nb1 Qe4 34.
Qa2 Qxd4 35. Nd2 g6 36. h4 Kg7 37. Qc2 Nf5 38. Kg2 Qe5 39. Nf3 Qc5 40. Qc3+ Kg8
41. h5 g5 42. Qf6 Qe7 43. Qc3 f6 44. Qd3 Qd6 45. Qc3 Kf7 46. Nd2 Qd4 47. Qc2
Qg4 48. Qd3 Qd4 49. Qc2 Qg4 50. Qd3 Qd4 51. Qc2 1/2-1/2

[Event "Madrid-ch Superveteranos +65 2019"]
[Site "Madrid ESP"]
[Date "2019.01.25"]
[Round "5.9"]
[White "Tome Salvador, Jose Antonio"]
[Black "Martinez Rubio, Felipe"]
[Result "0-1"]
[WhiteElo "1610"]
[BlackElo "1704"]
[PlyCount "86"]
[EventDate "2019.01.21"]
[EventType "swiss"]
[EventRounds "7"]
[EventCountry "ESP"]
[SourceTitle "Ajedrez en Madrid"]
[Source "lmi"]
[SourceDate "2019.01.21"]
[SourceVersion "1"]
[SourceVersionDate "2019.01.30"]
[SourceQuality "1"]

1. d4 f5 2. Nf3 e6 3. c4 c6 4. Nc3 d5 5. e3 Nf6 6. Bd2 Bd6 7. c5 Bc7 8. Be2 O-O
9. O-O Nbd7 10. Qc2 Ne4 11. Ne1 e5 12. f4 exf4 13. exf4 Qe7 14. Nf3 Nxc3 15.
Bxc3 Bxf4 16. Rae1 Qf6 17. Bd3 g6 18. Re2 Qd8 19. Rfe1 Nf6 20. g3 Bh6 21. Bd2
Bxd2 22. Qxd2 Ne4 23. Bxe4 fxe4 24. Ne5 Be6 25. Qh6 Qf6 26. Qe3 Qg7 27. Rf1
Rxf1+ 28. Kxf1 Rf8+ 29. Rf2 Rxf2+ 30. Qxf2 Qf8 31. Qxf8+ Kxf8 32. g4 Kg7 33. g5
Bh3+ 34. Kf2 h6 35. Kg3 Bf5 36. h4 hxg5 37. hxg5 Kf8 38. a4 a5 39. Kf4 Ke7 40.
Ng4 Bxg4 41. Kxg4 Kd7 42. Kf4 Kc7 43. Ke5 e3 0-1

[Event "Madrid-ch Superveteranos +65 2019"]
[Site "Madrid ESP"]
[Date "2019.01.25"]
[Round "5.10"]
[White "Mendez Rodriguez, Carlos"]
[Black "Leniz Martinez, Francisco"]
[Result "1/2-1/2"]
[WhiteElo "1558"]
[BlackElo "1689"]
[PlyCount "34"]
[EventDate "2019.01.21"]
[EventType "swiss"]
[EventRounds "7"]
[EventCountry "ESP"]
[SourceTitle "Ajedrez en Madrid"]
[Source "lmi"]
[SourceDate "2019.01.21"]
[SourceVersion "1"]
[SourceVersionDate "2019.01.30"]
[SourceQuality "1"]

1. Nf3 c5 2. c4 Nf6 3. g3 e6 4. d4 cxd4 5. Nxd4 Nc6 6. a3 d5 7. Bg2 Be7 8. O-O
O-O 9. b4 a6 10. Nc3 Nxd4 11. Qxd4 dxc4 12. Qxc4 b5 13. Qb3 Ra7 14. Be3 Rd7 15.
Bc6 Rd6 16. Bg2 Rd7 17. Bc6 Rd6 1/2-1/2

[Event "Madrid-ch Superveteranos +65 2019"]
[Site "Madrid ESP"]
[Date "2019.01.25"]
[Round "5.12"]
[White "Martin Rodriguez, Jose Luis"]
[Black "Becerra Baigorri, Jose"]
[Result "0-1"]
[WhiteElo "1285"]
[BlackElo "1479"]
[PlyCount "96"]
[EventDate "2019.01.21"]
[EventType "swiss"]
[EventRounds "7"]
[EventCountry "ESP"]
[SourceTitle "Ajedrez en Madrid"]
[Source "lmi"]
[SourceDate "2019.01.21"]
[SourceVersion "1"]
[SourceVersionDate "2019.01.30"]
[SourceQuality "1"]

1. c4 e5 2. Nc3 Nf6 3. Nf3 Nc6 4. g3 d6 5. d3 Be7 6. Bg2 O-O 7. O-O Bd7 8. Re1
Rb8 9. a3 Re8 10. Bd2 a6 11. e3 Bf8 12. e4 h6 13. Be3 Ng4 14. Nd5 Nxe3 15. fxe3
Ne7 16. Rf1 Nxd5 17. cxd5 Be7 18. Rf2 Rf8 19. Rc1 c6 20. Qb3 c5 21. d4 cxd4 22.
exd4 exd4 23. Nxd4 Bf6 24. Nf5 Be5 25. Qd1 Kh7 26. Rcc2 Rc8 27. Nh4 Qb6 28. Nf3
Bg4 29. Qd2 Bxf3 30. Bxf3 Bd4 31. Bg4 Bxf2+ 32. Qxf2 Qxf2+ 33. Rxf2 Rc1+ 34.
Kg2 g6 35. h4 h5 36. Bh3 Kg7 37. g4 hxg4 38. Bxg4 Rh8 39. Kg3 Rh1 40. Rh2 Rxh2
41. Kxh2 Rxh4+ 42. Kg3 Rh8 43. Kf4 Kf6 44. Bd7 b6 45. Bc6 a5 46. b4 Rh4+ 47.
Ke3 Rh3+ 48. Kf4 Rxa3 0-1

[Event "Madrid-ch Superveteranos +65 2019"]
[Site "Madrid ESP"]
[Date "2019.01.25"]
[Round "5.14"]
[White "Diaz Begonte, Manuel"]
[Black "Arroyo Fraile, Mario"]
[Result "1/2-1/2"]
[WhiteElo "1552"]
[BlackElo "1502"]
[PlyCount "114"]
[EventDate "2019.01.21"]
[EventType "swiss"]
[EventRounds "7"]
[EventCountry "ESP"]
[SourceTitle "Ajedrez en Madrid"]
[Source "lmi"]
[SourceDate "2019.01.21"]
[SourceVersion "1"]
[SourceVersionDate "2019.01.30"]
[SourceQuality "1"]

1. e4 e6 2. d4 d5 3. exd5 exd5 4. Bd3 Bd6 5. Qf3 Nf6 6. h3 O-O 7. Ne2 Re8 8.
O-O c6 9. Bf4 Qc7 10. Nd2 Bxf4 11. Nxf4 Qb6 12. Nb3 Na6 13. c3 Bd7 14. Rad1 Re7
15. Rfe1 Rae8 16. Rxe7 Rxe7 17. Bc2 Qd8 18. Nd3 Qe8 19. Ne5 Bc8 20. g4 Nd7 21.
Nxd7 Bxd7 22. Kf1 b6 23. Bd3 Nc7 24. Nd2 Ne6 25. Re1 Ng5 26. Rxe7 Qxe7 27. Qg3
Qd8 28. Qd6 g6 29. Kg2 Qc8 30. Kg3 Ne6 31. Nf3 f6 32. Qe7 Qc7+ 33. Kh4 g5+ 34.
Kh5 Bc8 35. Qxc7 Nxc7 36. Kh6 Kf7 37. Bxh7 Ke7 38. h4 Bxg4 39. Nh2 Be2 40. hxg5
fxg5 41. Kxg5 Ne6+ 42. Kh4 Kf6 43. Ng4+ Bxg4 44. Kxg4 c5 45. Bg8 Nc7 46. Kf4
cxd4 47. cxd4 Nb5 48. Ke3 Nc7 49. b3 a5 50. Bh7 b5 51. Bd3 b4 52. Bf1 Kg5 53.
Bg2 Kf5 54. f4 Kg4 55. Bf3+ Kf5 56. Be2 Kf6 57. Bg4 Nb5 1/2-1/2

[Event "Madrid-ch Superveteranos +65 2019"]
[Site "Madrid ESP"]
[Date "2019.01.25"]
[Round "5.15"]
[White "Ghavami, Mahmoud"]
[Black "Sanchez Lucena, Juan"]
[Result "1-0"]
[WhiteElo "1491"]
[BlackElo "1454"]
[PlyCount "120"]
[EventDate "2019.01.21"]
[EventType "swiss"]
[EventRounds "7"]
[EventCountry "ESP"]
[SourceTitle "Ajedrez en Madrid"]
[Source "lmi"]
[SourceDate "2019.01.21"]
[SourceVersion "1"]
[SourceVersionDate "2019.01.30"]
[SourceQuality "1"]

1. d4 d5 2. e3 Nf6 3. Bd3 e6 4. Nd2 a6 5. f4 b6 6. Ngf3 Bb7 7. Ne5 Nbd7 8. Qf3
c5 9. c3 Nxe5 10. fxe5 Nd7 11. O-O Qe7 12. e4 c4 13. Bc2 g6 14. Nxc4 dxc4 15.
g3 Bg7 16. h4 Rf8 17. Qe2 b5 18. b3 Qd8 19. bxc4 Qc7 20. Ba3 Rg8 21. c5 Bc6 22.
Qf3 Rf8 23. Qg4 Nxe5 24. dxe5 Qxe5 25. Rab1 Qxc3 26. Bb3 Qd4+ 27. Kh2 Qxe4 28.
Qxe4 Bxe4 29. Rbd1 Rg8 30. Rfe1 Bc6 31. Bxe6 fxe6 32. Rxe6+ Kf7 33. Rxc6 Ra7
34. Rb6 Bf8 35. Rf1+ Kg7 36. Bb2+ Kh6 37. c6 Bc5 38. Rb7 Rxb7 39. cxb7 Ba7 40.
Kh3 g5 41. Rf6+ Rg6 42. hxg5+ Kxg5 43. Rxg6+ Kxg6 44. Be5 Kf5 45. b8=Q Bxb8 46.
Bxb8 Kg6 47. Kg4 h5+ 48. Kf4 a5 49. Ke4 a4 50. Kd3 b4 51. Be5 Kf5 52. Bd6 b3
53. a3 Ke6 54. Bb4 Kd5 55. Bc3 Kc5 56. Ke4 Kc4 57. Bb2 Kc5 58. Kf5 Kd5 59. Kg5
Ke4 60. Kxh5 Kf5 1-0

[Event "Madrid-ch Superveteranos +65 2019"]
[Site "Madrid ESP"]
[Date "2019.01.25"]
[Round "5.16"]
[White "Perales Hernandez, Manuel"]
[Black "Antolin Palenzuela, Francisco J"]
[Result "1-0"]
[WhiteElo "1333"]
[BlackElo "1462"]
[PlyCount "77"]
[EventDate "2019.01.21"]
[EventType "swiss"]
[EventRounds "7"]
[EventCountry "ESP"]
[SourceTitle "Ajedrez en Madrid"]
[Source "lmi"]
[SourceDate "2019.01.21"]
[SourceVersion "1"]
[SourceVersionDate "2019.01.30"]
[SourceQuality "1"]

1. e4 c5 2. Bc4 Nc6 3. c3 d6 4. Nf3 e5 5. d3 Be7 6. Qb3 Nf6 7. Bxf7+ Kf8 8. Ng5
Na5 9. Ne6+ Bxe6 10. Qxe6 Ne8 11. Bh5 g6 12. Bh6+ Ng7 13. Bg4 Bf6 14. O-O Qe7
15. f4 Qxe6 16. Bxe6 Ke7 17. Bxg7 Bxg7 18. Bd5 Rab8 19. fxe5 Bxe5 20. Rf7+ Kd8
21. b4 cxb4 22. d4 Nc6 23. Bxc6 Bxd4+ 24. cxd4 bxc6 25. Rxa7 Re8 26. Nd2 c5 27.
Rxh7 c4 28. Nxc4 Rxe4 29. Rd1 d5 30. Rh8+ Kc7 31. Rxb8 Kxb8 32. Nb6 Re2 33.
Nxd5 Rxa2 34. Nxb4 Ra4 35. Nc6+ Kc7 36. Ne5 g5 37. h3 Ra5 38. Kh2 Kd6 39. Nc4+
1-0

[Event "Madrid-ch Superveteranos +65 2019"]
[Site "Madrid ESP"]
[Date "2019.01.25"]
[Round "5.17"]
[White "Perez Ramos, Miguel Angel"]
[Black "Lopez Oneto, Manuel"]
[Result "0-1"]
[WhiteElo "1131"]
[BlackElo "1563"]
[PlyCount "88"]
[EventDate "2019.01.21"]
[EventType "swiss"]
[EventRounds "7"]
[EventCountry "ESP"]
[SourceTitle "Ajedrez en Madrid"]
[Source "lmi"]
[SourceDate "2019.01.21"]
[SourceVersion "1"]
[SourceVersionDate "2019.01.30"]
[SourceQuality "1"]

1. e4 c5 2. Nf3 e6 3. c4 Nc6 4. Nc3 a6 5. a3 Qc7 6. d4 cxd4 7. Nxd4 Nf6 8. Be2
Be7 9. b4 Qe5 10. f4 Qxd4 11. Qxd4 Nxd4 12. Bd3 Nb3 13. Ra2 Nxc1 14. Rd2 Nb3
15. Rb2 Nd4 16. O-O d6 17. h3 O-O 18. Na4 Bd8 19. c5 Bd7 20. Nc3 dxc5 21. e5
Nh5 22. Ne4 f5 23. Nxc5 Bc6 24. Kh2 Bh4 25. Rg1 Bg3+ 26. Kh1 Bxf4 27. Bc4 Rfe8
28. Rd1 Rad8 29. Nxe6 Rxe6 30. Bxe6+ Nxe6 31. Rd6 Kf7 32. Rb3 Ng3+ 33. Kg1 Ke7
34. Rbd3 Bxe5 35. Rxe6+ Kxe6 36. Rxd8 Ke7 37. Rd1 Ne4 38. Rf1 Bd4+ 39. Kh2 Ke6
40. Rd1 Be5+ 41. Kg1 h5 42. Rd8 Bf6 43. Rd1 g5 44. Rc1 Bb2 0-1

[Event "Madrid-ch Superveteranos +65 2019"]
[Site "Madrid ESP"]
[Date "2019.01.28"]
[Round "6.1"]
[White "Gonzalez Rivera, Eduardo"]
[Black "Ortega Morales, Pedro"]
[Result "1-0"]
[WhiteElo "2025"]
[BlackElo "1763"]
[PlyCount "107"]
[EventDate "2019.01.21"]
[EventType "swiss"]
[EventRounds "7"]
[EventCountry "ESP"]
[SourceTitle "Ajedrez en Madrid"]
[Source "lmi"]
[SourceDate "2019.01.21"]
[SourceVersion "1"]
[SourceVersionDate "2019.01.30"]
[SourceQuality "1"]

1. e4 e5 2. Nf3 Nc6 3. Bb5 Nf6 4. d3 d6 5. c3 Bg4 6. h3 Bd7 7. Ba4 Be7 8. Qe2
Na5 9. Bc2 c5 10. O-O b5 11. Rd1 Qc7 12. Nbd2 Nc6 13. Nf1 O-O 14. Ng3 Rab8 15.
Nh4 Rfe8 16. Nhf5 Bf8 17. Bg5 Bxf5 18. Nxf5 Ne7 19. Nh6+ gxh6 20. Bxf6 Ng6 21.
Bb3 Bg7 22. Bxg7 Kxg7 23. g3 Rg8 24. Kh2 Qe7 25. Rg1 Kh8 26. Qh5 Qg5 27. Qxg5
hxg5 28. Bxf7 Rgf8 29. Bxg6 Rxf2+ 30. Rg2 Rxg2+ 31. Kxg2 hxg6 32. Kf3 Kg7 33.
Kg4 Rf8 34. Kxg5 Rf3 35. Rg1 d5 36. h4 Rxd3 37. exd5 Rxd5 38. g4 Rd2 39. Re1
Rd5 40. Re4 c4 41. b4 cxb3 42. axb3 Rc5 43. b4 Rd5 44. Re1 a6 45. Re3 Kf7 46.
Kh6 Kf6 47. Rf3+ Ke6 48. Kxg6 e4 49. Rf1 Rd3 50. h5 Rxc3 51. h6 Ke5 52. h7 Rh3
53. Rf5+ Kd4 54. Rh5 1-0

[Event "Madrid-ch Superveteranos +65 2019"]
[Site "Madrid ESP"]
[Date "2019.01.28"]
[Round "6.2"]
[White "Rueda Maria, Ramiro"]
[Black "Ciuro Muñoz, Ricardo"]
[Result "0-1"]
[WhiteElo "1819"]
[BlackElo "1994"]
[PlyCount "80"]
[EventDate "2019.01.21"]
[EventType "swiss"]
[EventRounds "7"]
[EventCountry "ESP"]
[SourceTitle "Ajedrez en Madrid"]
[Source "lmi"]
[SourceDate "2019.01.21"]
[SourceVersion "1"]
[SourceVersionDate "2019.01.30"]
[SourceQuality "1"]

1. e4 e6 2. d4 d5 3. exd5 exd5 4. Bd3 Bd6 5. Ne2 Nf6 6. Bf4 O-O 7. O-O Bxf4 8.
Nxf4 Bg4 9. f3 Bh5 10. Nc3 Bg6 11. Re1 c6 12. Nce2 Qb6 13. b3 Nbd7 14. Bxg6
hxg6 15. c3 Rfe8 16. Qd2 a5 17. Nd3 a4 18. b4 Qb5 19. Nef4 g5 20. Nh3 g4 21.
Ng5 gxf3 22. gxf3 Qb6 23. Qf4 Nf8 24. Ne5 Ne6 25. Nxe6 Rxe6 26. Kh1 Qc7 27. Rg1
Qe7 28. Rg2 Ne8 29. Rag1 Qf6 30. Qg4 Rd8 31. f4 b6 32. Qg3 Qf5 33. Qh4 Rdd6 34.
Qg5 Qe4 35. f5 Rf6 36. Ng4 Rxf5 37. Nh6+ Rxh6 38. Qxh6 Rf2 39. Qc1 Rxa2 40. Qe1
Rxg2 0-1

[Event "Madrid-ch Superveteranos +65 2019"]
[Site "Madrid ESP"]
[Date "2019.01.28"]
[Round "6.4"]
[White "Fernandez Garcia, Ignacio"]
[Black "Martin-Consuegra Barrilero, Francisco Javier"]
[Result "0-1"]
[WhiteElo "1769"]
[BlackElo "1775"]
[PlyCount "108"]
[EventDate "2019.01.21"]
[EventType "swiss"]
[EventRounds "7"]
[EventCountry "ESP"]
[SourceTitle "Ajedrez en Madrid"]
[Source "lmi"]
[SourceDate "2019.01.21"]
[SourceVersion "1"]
[SourceVersionDate "2019.01.30"]
[SourceQuality "1"]

1. e4 d6 2. d4 Nf6 3. Nc3 e5 4. Nf3 exd4 5. Qxd4 Be7 6. Bg5 Nc6 7. Bb5 O-O 8.
Qd2 Ne5 9. O-O-O a6 10. Be2 b5 11. Qf4 Ng6 12. Qe3 Ng4 13. Bxe7 Nxe3 14. Bxd8
Nxd1 15. Rxd1 Rxd8 16. e5 Bb7 17. exd6 Rxd6 18. Rxd6 cxd6 19. Ne1 Nf4 20. Bf1
Re8 21. Kd2 b4 22. Nd1 Ne6 23. Ne3 d5 24. Nf5 Rd8 25. Nd3 a5 26. Ne5 f6 27. Nc6
Bxc6 28. Ne7+ Kf8 29. Nxc6 Ra8 30. Be2 Nc5 31. f3 Kf7 32. Bb5 Ne6 33. g3 Nd8
34. Nd4 g6 35. Ba4 Ne6 36. Ne2 Rd8 37. Bb5 Ke7 38. f4 Kd6 39. Nc1 Nc5 40. Ke3
a4 41. Ne2 a3 42. b3 Ne4 43. Kd4 Rc8 44. Bd3 Nc3 45. Nxc3 Rxc3 46. g4 Rc7 47.
h4 Rc8 48. f5 g5 49. hxg5 fxg5 50. Bf1 h6 51. Bd3 Rc7 52. f6 Rf7 53. c4 Rxf6
54. cxd5 Rf4+ 0-1

[Event "Madrid-ch Superveteranos +65 2019"]
[Site "Madrid ESP"]
[Date "2019.01.28"]
[Round "6.5"]
[White "Martinez Rubio, Felipe"]
[Black "Pastor Alonso De Prado, Alberto"]
[Result "0-1"]
[WhiteElo "1704"]
[BlackElo "2147"]
[PlyCount "86"]
[EventDate "2019.01.21"]
[EventType "swiss"]
[EventRounds "7"]
[EventCountry "ESP"]
[SourceTitle "Ajedrez en Madrid"]
[Source "lmi"]
[SourceDate "2019.01.21"]
[SourceVersion "1"]
[SourceVersionDate "2019.01.30"]
[SourceQuality "1"]

1. d4 e6 2. c4 b6 3. Nc3 Bb7 4. Bf4 Bb4 5. Qb3 a5 6. a3 Bxc3+ 7. Qxc3 Nf6 8. f3
d5 9. Bg5 Nbd7 10. cxd5 exd5 11. Nh3 O-O 12. Nf2 Re8 13. e3 h6 14. Bh4 Qe7 15.
Ng4 Qe6 16. Nxf6+ Nxf6 17. Bf2 Rec8 18. Bd3 c5 19. dxc5 bxc5 20. O-O a4 21.
Rfe1 Ba6 22. Bxa6 Qxa6 23. b3 axb3 24. Qxb3 Rab8 25. Qc2 c4 26. Bg3 Rb3 27. a4
Re8 28. Bf2 Reb8 29. e4 dxe4 30. fxe4 Rb2 31. Qc1 Ng4 32. Bg3 Qb6+ 33. Kh1 Nf2+
34. Bxf2 Qxf2 35. Rg1 Qe2 36. Qe1 Qd3 37. Rd1 Qb3 38. Ra1 c3 39. Qe3 Qc4 40.
Rgc1 c2 41. Qe1 Qd3 42. h3 Rb1 43. Kh2 Rxa1 0-1